[Event "Eurasia Blitz Chess Cup"]
[Site "Almaty"]
[Date "2016.06.18"]
[Round "14"]
[White "Amonatov, Farrukh"]
[Black "Ponomariov, Ruslan"]
[Result "1-0"]
[WhiteElo "2614"]
[BlackElo "2706"]
[PlyCount "93"]
[EventDate "2016.06.18"]
[EventType "swiss (blitz)"]
[EventRounds "22"]
[EventCountry "KAZ"]
[SourceTitle "CBM 173 Extra"]
[Source "ChessBase"]
[SourceDate "2016.08.29"]
[SourceVersion "1"]
[SourceVersionDate "2016.08.29"]
[SourceQuality "1"]

1. e4 e5 2. Nf3 Nc6 3. Nc3 Nf6 4. g3 d5 5. exd5 Nxd5 6. Bg2 Nxc3 7. bxc3 Bc5 8.
O-O O-O 9. d3 Bg4 10. h3 Bh5 11. Qe1 f6 12. Nd2 Kh8 13. a4 Qd7 14. Rb1 Rab8 15.
Ne4 Be7 16. f4 f5 17. Nf2 exf4 18. Bxf4 Bd6 19. Bxd6 Qxd6 20. Qe3 b6 21. Qg5
Bg6 22. h4 Ne7 23. Rbe1 Rf6 24. d4 h6 25. Qf4 Qxf4 26. gxf4 Nc8 27. Nd3 Nd6 28.
Re7 Rf7 29. Ne5 Rf6 30. Nd7 Re8 31. Rxe8+ Bxe8 32. Nxf6 gxf6 33. Re1 Bxa4 34.
Re7 Bxc2 35. Rxc7 a5 36. c4 a4 37. c5 bxc5 38. dxc5 Nb5 39. Rb7 Bd3 40. Bf1
Bxf1 41. Kxf1 Nd4 42. Rb4 Ne6 43. c6 a3 44. Rb8+ Kg7 45. Ra8 Kf7 46. c7 Nxc7
47. Ra7 1-0

[Event "Eurasia Blitz Chess Cup"]
[Site "Almaty"]
[Date "2016.06.19"]
[Round "15"]
[White "Svidler, Peter"]
[Black "Ponomariov, Ruslan"]
[Result "1/2-1/2"]
[WhiteElo "2759"]
[BlackElo "2706"]
[PlyCount "55"]
[EventDate "2016.06.18"]
[EventType "swiss (blitz)"]
[EventRounds "22"]
[EventCountry "KAZ"]
[SourceTitle "CBM 173 Extra"]
[Source "ChessBase"]
[SourceDate "2016.08.29"]
[SourceVersion "1"]
[SourceVersionDate "2016.08.29"]
[SourceQuality "1"]

1. c4 c5 2. g3 g6 3. Bg2 Bg7 4. e3 Nf6 5. Nc3 O-O 6. Nge2 Nc6 7. d4 d6 8. O-O
Bd7 9. b3 a6 10. Bb2 Rb8 11. a4 Na5 12. e4 e5 13. dxe5 dxe5 14. Nd5 Nc6 15. f4
Re8 16. h3 Nxd5 17. exd5 Nb4 18. Qd2 e4 19. Bxg7 Kxg7 20. Nc3 f5 21. Nd1 Qf6
22. Ne3 Qd4 23. Rfd1 Qxd2 24. Rxd2 h5 25. a5 Kf6 26. h4 Ke7 27. Bf1 Kd6 28. Kf2
1/2-1/2

[Event "Eurasia Blitz Chess Cup"]
[Site "Almaty"]
[Date "2016.06.19"]
[Round "16"]
[White "Ponomariov, Ruslan"]
[Black "Svidler, Peter"]
[Result "1-0"]
[WhiteElo "2706"]
[BlackElo "2759"]
[PlyCount "105"]
[EventDate "2016.06.18"]
[EventType "swiss (blitz)"]
[EventRounds "22"]
[EventCountry "KAZ"]
[SourceTitle "CBM 173 Extra"]
[Source "ChessBase"]
[SourceDate "2016.08.29"]
[SourceVersion "1"]
[SourceVersionDate "2016.08.29"]
[SourceQuality "1"]

1. e4 c5 2. Nf3 e6 3. d4 cxd4 4. Nxd4 a6 5. Nc3 b5 6. Bd3 Qb6 7. Nf3 Nc6 8. O-O
Qb8 9. Bg5 Nge7 10. a4 b4 11. Ne2 Ng6 12. Ned4 Nxd4 13. Nxd4 Bd6 14. Qh5 Nf4
15. Bxf4 Bxf4 16. Nf3 O-O 17. a5 Qc7 18. g3 Bh6 19. Rfe1 Bb7 20. h4 Rfc8 21.
Nh2 Qc5 22. Qxc5 Rxc5 23. Ng4 Bc6 24. Nxh6+ gxh6 25. f3 Bb5 26. Kf2 Bxd3 27.
cxd3 Rc2+ 28. Re2 Rac8 29. Rae1 R8c5 30. Ke3 Rxe2+ 31. Rxe2 Rxa5 32. Kd4 Ra1
33. Kc4 a5 34. h5 Rg1 35. g4 Rf1 36. Kb5 Rxf3 37. Kxa5 Rxd3 38. Kxb4 d5 39.
exd5 Rxd5 40. Kc4 Rg5 41. Re4 Kf8 42. b4 Ke7 43. b5 Kd6 44. Kb4 Kc7 45. Ka5 Rd5
46. Rc4+ Kb7 47. Rf4 f5 48. gxf5 exf5 49. Rf1 Rd6 50. Rxf5 Re6 51. Rf7+ Kb8 52.
Rxh7 Ka8 53. Rg7 1-0

[Event "Eurasia Blitz Chess Cup"]
[Site "Almaty"]
[Date "2016.06.19"]
[Round "19"]
[White "Kasimdzhanov, Rustam"]
[Black "Ponomariov, Ruslan"]
[Result "0-1"]
[WhiteElo "2703"]
[BlackElo "2706"]
[PlyCount "166"]
[EventDate "2016.06.18"]
[EventType "swiss (blitz)"]
[EventRounds "22"]
[EventCountry "KAZ"]
[SourceTitle "CBM 173 Extra"]
[Source "ChessBase"]
[SourceDate "2016.08.29"]
[SourceVersion "1"]
[SourceVersionDate "2016.08.29"]
[SourceQuality "1"]

1. e4 c5 2. Nf3 d6 3. d4 cxd4 4. Nxd4 Nf6 5. Nc3 a6 6. Bc4 e6 7. Bb3 Nbd7 8.
Bg5 Qa5 9. Qd2 Be7 10. O-O-O Nc5 11. Rhe1 Qc7 12. Kb1 h6 13. Bh4 O-O 14. Bg3 b5
15. e5 dxe5 16. Rxe5 Qb7 17. Qe2 Rd8 18. a3 Nxb3 19. cxb3 b4 20. axb4 Bxb4 21.
Bh4 Bxc3 22. bxc3 Nd5 23. Kb2 f6 24. Nxe6 Bxe6 25. Rxe6 Rab8 26. Qc2 a5 27. Re4
Rdc8 28. c4 Nb4 29. Qe2 Nc6 30. Qd3 a4 31. Re3 axb3 32. Qd5+ Kh8 33. Bg3 Ra8
34. Qb5 Qa7 35. Rxb3 Qa2+ 36. Kc3 Na5 37. Rb4 Qa3+ 38. Kc2 Nxc4 39. Rxc4 Qa2+
40. Kd3 Rd8+ 41. Rd4 Rxd4+ 42. Kxd4 Rd8+ 43. Ke3 Rxd1 44. Qe8+ Qg8 45. Qg6 Qe6+
46. Kf3 Qd5+ 47. Ke2 Qd2+ 48. Kf3 Qc3+ 49. Kg4 Rd4+ 50. f4 Qc6 51. Kh3 Rd2 52.
Bh4 Qe6+ 53. f5 Qe3+ 54. Bg3 Qe4 55. Bc7 Rd5 56. g4 Rd7 57. Bg3 Qe2 58. Kh4 Qe7
59. Kh5 Rd3 60. Kh4 Qe2 61. Kh3 Qe3 62. Qf7 Qe4 63. Qg6 Rd4 64. Kh4 Rd2 65. Kh3
Re2 66. Kh4 Re3 67. Kh3 Qf3 68. Kh4 Qg2 69. Qf7 Qf1 70. Qf8+ Kh7 71. Qf7 Qd1
72. Qg6+ Kg8 73. Kh3 Qd7 74. Kh4 Qe8 75. Kh5 Re4 76. Qxe8+ Rxe8 77. Bf4 Kf7 78.
Bg3 Re4 79. Bc7 Ke8 80. Bg3 Rc4 81. Bd6 Kf7 82. Bg3 Rc3 83. Bf4 Rh3# 0-1

[Event "Eurasia Blitz Chess Cup"]
[Site "Almaty"]
[Date "2016.06.19"]
[Round "20"]
[White "Ponomariov, Ruslan"]
[Black "Kasimdzhanov, Rustam"]
[Result "0-1"]
[WhiteElo "2706"]
[BlackElo "2703"]
[PlyCount "58"]
[EventDate "2016.06.18"]
[EventType "swiss (blitz)"]
[EventRounds "22"]
[EventCountry "KAZ"]
[SourceTitle "CBM 173 Extra"]
[Source "ChessBase"]
[SourceDate "2016.08.29"]
[SourceVersion "1"]
[SourceVersionDate "2016.08.29"]
[SourceQuality "1"]

1. e4 e5 2. Nf3 Nc6 3. Bc4 Bc5 4. d3 Nf6 5. a4 d6 6. c3 a6 7. Bg5 h6 8. Bh4 g5
9. Bg3 Bg4 10. h3 Bh5 11. Nbd2 Ba7 12. b4 Ne7 13. Qc2 Bg6 14. O-O Nh5 15. Kh1
Qd7 16. Bh2 g4 17. Nh4 gxh3 18. g3 O-O-O 19. Ndf3 Nf6 20. a5 Ng4 21. Bg1 c6 22.
d4 Bxe4 23. Qxe4 d5 24. Qe2 dxc4 25. dxe5 Qd3 26. Rfe1 Qxe2 27. Rxe2 Rd3 28.
Rc1 Nd5 29. Nf5 Rxf3 0-1

[Event "Eurasia Blitz Chess Cup"]
[Site "Almaty"]
[Date "2016.06.19"]
[Round "21"]
[White "Ponomariov, Ruslan"]
[Black "Gelfand, Boris"]
[Result "1/2-1/2"]
[WhiteElo "2706"]
[BlackElo "2734"]
[PlyCount "107"]
[EventDate "2016.06.18"]
[EventType "swiss (blitz)"]
[EventRounds "22"]
[EventCountry "KAZ"]
[SourceTitle "CBM 173 Extra"]
[Source "ChessBase"]
[SourceDate "2016.08.29"]
[SourceVersion "1"]
[SourceVersionDate "2016.08.29"]
[SourceQuality "1"]

1. e4 c5 2. Nf3 d6 3. d4 cxd4 4. Nxd4 Nf6 5. Nc3 a6 6. Be3 Ng4 7. Bc1 Nf6 8. g3
e5 9. Nde2 Be7 10. Bg2 O-O 11. a4 Nc6 12. O-O Nb4 13. Be3 Be6 14. Qd2 d5 15.
exd5 Nbxd5 16. Bg5 Nxc3 17. Nxc3 Qc7 18. Rfe1 h6 19. Bxf6 Bxf6 20. Nd5 Bxd5 21.
Qxd5 Rab8 22. c3 Rfd8 23. Qb3 b5 24. axb5 axb5 25. Rad1 Qb6 26. Be4 Qc5 27. Kg2
Kf8 28. Rd5 Qc4 29. Rxd8+ Bxd8 30. Qxc4 bxc4 31. Re2 Bg5 32. Bd5 Bc1 33. Bxc4
Bxb2 34. Rc2 Rc8 35. Ba6 Rb8 36. c4 Ke7 37. c5 Kd7 38. c6+ Kc7 39. Bb7 Bd4 40.
Kf3 f5 41. Ke2 e4 42. Rc4 Rd8 43. f3 exf3+ 44. Kxf3 g5 45. Rc2 Bb6 46. Ba6 Re8
47. Kg2 Re3 48. Be2 Ba5 49. Bf3 g4 50. Bd5 Rd3 51. Be6 Rd2+ 52. Rxd2 Bxd2 53.
Bxf5 Kxc6 54. Bxg4 1/2-1/2

[Event "Eurasia Blitz Chess Cup"]
[Site "Almaty"]
[Date "2016.06.19"]
[Round "22"]
[White "Gelfand, Boris"]
[Black "Ponomariov, Ruslan"]
[Result "1/2-1/2"]
[WhiteElo "2734"]
[BlackElo "2706"]
[PlyCount "80"]
[EventDate "2016.06.18"]
[EventType "swiss (blitz)"]
[EventRounds "22"]
[EventCountry "KAZ"]
[SourceTitle "CBM 173 Extra"]
[Source "ChessBase"]
[SourceDate "2016.08.29"]
[SourceVersion "1"]
[SourceVersionDate "2016.08.29"]
[SourceQuality "1"]

1. d4 Nf6 2. Nf3 e6 3. c4 b6 4. g3 Bb7 5. Bg2 Be7 6. O-O O-O 7. Re1 d5 8. cxd5
exd5 9. Nc3 Nbd7 10. Bf4 c5 11. Rc1 Ne4 12. dxc5 Ndxc5 13. Be5 Re8 14. Bd4 Bf8
15. Qc2 Rc8 16. Bh3 Ne6 17. Qd3 Qe7 18. Red1 Red8 19. Qe3 Rc7 20. Nb5 Rxc1 21.
Rxc1 Nxd4 22. Nbxd4 g6 23. Qf4 Qd6 24. Ne5 f5 25. Nd3 Qxf4 26. gxf4 Bd6 27. e3
Kf7 28. Bf1 Kf6 29. f3 Nc5 30. Kf2 Nxd3+ 31. Bxd3 Bc5 32. b4 Bxd4 33. exd4 Rc8
34. Rxc8 Bxc8 35. Bb5 Ke7 36. Kg3 Bd7 37. Bd3 b5 38. Kh4 Kf6 39. Bc2 a6 40. Bd3
Bc6 1/2-1/2

[Event "Dortmund 44th"]
[Site "Dortmund"]
[Date "2016.07.09"]
[Round "1"]
[White "Nisipeanu, Liviu Dieter"]
[Black "Ponomariov, Ruslan"]
[Result "1/2-1/2"]
[WhiteElo "2674"]
[BlackElo "2706"]
[Annotator "Roiz,M"]
[PlyCount "101"]
[EventDate "2016.07.09"]
[EventType "tourn"]
[EventRounds "7"]
[EventCountry "GER"]
[EventCategory "20"]
[SourceTitle "CBM 174"]
[Source "ChessBase"]
[SourceDate "2016.09.13"]
[SourceVersion "1"]
[SourceVersionDate "2016.09.13"]
[SourceQuality "1"]

1. d4 Nf6 2. c4 e6 3. Nc3 Bb4 4. Qc2 d6 {For some reasons, Ruslan deviates
from the main theoretical lines.} 5. Nf3 O-O 6. g3 Nc6 7. Bg2 e5 8. d5 {
This continuation looks most ambitious - White gets a definite space advantage,
even though Black doesn't experience problems with development of minor pieces.
} ({The following alternatives don't offer much:} 8. a3 Bxc3+ 9. Qxc3 Re8 10.
dxe5 dxe5 11. Bg5 h6 12. Rd1 Qe7 13. Bxf6 Qxf6 14. O-O Bg4 $11 {Dreev,A (2667)
-Harikrishna,P (2726) Dubai 2014}) (8. dxe5 dxe5 9. O-O Bxc3 10. Qxc3 Qe7 11.
Be3 Re8 12. h3 a5 13. Rfe1 h6 $11 {Tkachiev,V (2644)-Quesada Perez,Y (2626)
Istanbul 2012}) 8... Ne7 9. O-O a6 $146 {This natural move is a novelty. The
main idea behind it is securing a retreat for the bishop.} (9... Bf5 10. e4 Bd7
11. Ne1 Bc5 12. Nd3 Bb6 13. b4 $14 {Navara,D (2663)-Agrest,E (2592) Gothenburg
2005}) (9... h6 $5 10. Na4 Ba5 11. a3 Bf5 12. Qd1 b5 $132 {Sumets,A (2534)-De
Vreugt,D (2427) Barcelona 2008}) 10. a3 Bc5 {A logical continuation of
Ruslan's approach.} ({Still, possible was also} 10... Bxc3 11. Qxc3 Ne4 12. Qc2
f5 13. b4 Bd7 14. Bb2 Qe8 $132 {with complex strategic battle.}) 11. Bg5 {
The Bg5 doesn't really bother Black in this situation.} (11. b4 Ba7 12. a4 Bg4
(12... a5 13. bxa5 Bc5 14. Bd2 $14) 13. a5 Qd7 $132) 11... Ne8 {Freeing a way
for the f-pawn.} ({Another possible retreat was:} 11... Nh5 $5 12. b4 Ba7 13.
e4 h6 14. Be3 Bxe3 15. fxe3 Ng6 $132) 12. b4 Ba7 13. e4 h6 14. Be3 f5 {The
most ambitious choice.} ({A more quiet character of play would arise after} 
14... Bxe3 $5 15. fxe3 Bd7 16. Nh4 a5 $132) 15. Bxa7 Rxa7 16. exf5 Bxf5 {
This is the most natural way of recapturing the pawn - Black is fighting for
control over e4-spot.} ({However, there was nothing wrong also with} 16... Nxf5
$5 17. c5 Nf6 18. Rad1 Ra8 $11) 17. Qd2 Nf6 $6 {Only this move seems
inaccurate - Ruslan shouldn't let White to open-up the f-file so easy.} ({
Correct was} 17... Bh7 $1 18. Ne1 (18. Nh4 Ra8 19. f4 exf4 20. Rxf4 Rxf4 21.
gxf4 Qd7 $11) 18... Ra8 19. Nd3 a5 $1 20. Rae1 axb4 21. axb4 Ra3 $132) 18. Nh4
$1 Bh7 19. f4 $1 exf4 20. Rxf4 $6 {Returning the favoure.} ({GM Nisipeanu
could have benefited from getting control over d4-spot:} 20. Qxf4 $1 Ra8 21.
Qd4 Nd7 22. Ne2 $14) 20... g5 21. Rf2 gxh4 22. Qd4 $6 {This inaccurate move is
inviting some troubles.} ({Instead,} 22. Raf1 $1 Ng6 23. Ne4 {would lead to a
draw by force:} (23. Qd4 $5 hxg3 24. Rxf6 Rxf6 25. Rxf6 gxh2+ 26. Kh1 Ra8 27.
Be4 Qe8 28. c5 $44) 23... Nxe4 24. Bxe4 Rxf2 25. Qxf2 Qe7 26. Bxg6 Bxg6 27.
Qxa7 Bd3 28. Rf4 Qe1+ 29. Kg2 h3+ 30. Kxh3 Bf1+ 31. Rxf1 Qxf1+ 32. Kh4 Qxc4+
$11) 22... Ra8 23. Rxf6 Nf5 24. Qg4+ Kh8 {White was able to regain the piece,
but now Black's king is much safer!} 25. Re6 $5 {Accordingly to his style,
Liviu Dieter prefers to sac a pawn in order to keep his pieces active.} (25.
Rxf8+ Qxf8 26. Rf1 hxg3 27. hxg3 Qg8 $15) 25... hxg3 26. hxg3 Rg8 27. Qf4 Rxg3
$1 {The correct choice.} (27... Nxg3 {wouldn't offer much:} 28. Ra2 Qg5 29.
Qxg5 Rxg5 30. Rxh6 Kg7 31. Re6 $11) 28. Ne4 Rg6 29. Rf1 $2 ({It was much
better to play} 29. Rxg6 Bxg6 30. Rf1 Qh4 31. c5 Qxf4 32. Rxf4 Rd8 {would
transpose to text.}) 29... Qh4 $2 ({Luckily for GM Nisipeanu, Ruslan fails to
punish him for inaccurate play. It looks like after} 29... Qg8 $1 30. Rf2 Qg7
31. Rxg6 Qxg6 32. Kh2 Rg8 33. c5 Rg7 {the game would be almost over - Black is
just a pawn up in a better position.}) 30. Rxg6 Qxf4 31. Rxf4 Bxg6 32. c5 {
Black is still better, but the activity of pieces offers White decent drawish
chances.} Rd8 33. Nc3 (33. Bh3 Ne7 34. cxd6 cxd6 35. Be6 b5 $17) 33... Kg7 34.
c6 b5 $2 {Alas, Ruslan is far from his best.} ({Of course, he had to play} 
34... b6 $1 35. Bf1 Ra8 36. a4 Ne7 $17) 35. a4 bxa4 36. b5 $1 {Possibly, this
important resourse was underestimated by Ruslan. Now White gets a sufficient
counterplay.} ({Something like} 36. Nxa4 Ne3 37. Nc3 Rf8 $19 {would be
terrible for White.}) 36... axb5 37. Nxb5 a3 38. Ra4 ({Possible was also} 38.
Nxc7 Rb8 39. Ra4 Rb1+ 40. Kh2 Rb2 41. Rxa3 Nh4 42. Rg3 Kf6 43. Ne6 Nxg2 44.
Rxg2 Rxg2+ 45. Kxg2 Be4+ 46. Kg3 Bxd5 47. Nd4 $11) 38... Ne3 39. Nxc7 Kf6 40.
Bf3 Rc8 41. Rxa3 (41. Kf2 Nd1+ 42. Bxd1 Rxc7 43. Rxa3 Be4 {woould also lead to
a draw.}) 41... Rxc7 42. Rxe3 {Suddenly the symbolic advantage is on White's
side now due to a strong Pc6!} Re7 43. Rc3 (43. Kf2 Rxe3 44. Kxe3 Ke7 $11)
43... Bf5 44. Kf2 Ra7 45. Kg3 Kg5 46. c7 Bc8 {The rook is tied with protecting
the Pc7, so Black is out of danger.} 47. Rc6 h5 48. Rxd6 h4+ 49. Kf2 Rxc7 50.
Rc6 Rxc6 51. dxc6 1/2-1/2